00263nam a2200109Ia 4500008004100000041001200041082001100053100002300064245005300087260000600140650000700146221030s9999 xx 000 0 und d aEnglish a105.23 aD. K. Bhattacharya 0aHuman Resource Managementcby D. K. Bhattacharya c0 aMb